01323 a2200229 4500003000500000005001700005010001700022020004000039040000900079082001500088100002600103245003800129260006000167300003400227505047600261650003500737856008800772856007600860942001300936999001900949952012500968Nust20220802172359.0 a 2004005695 a0124909515 (casebound : alk. paper) cNust00a621.36,MEN1 aMenn, Naftaly.99633710aPractical optics /cNaftaly Menn. aAmsterdam ;aBoston :bElsevier Academic Press,cc2004. axii, 321 p. :bill. ;c24 cm. aGeometrical Optics In The Paraxial Area (Page-1), Theory Of Imaging (Page-41), Sources Of Light And Illumination Systems (Page-95), Detectors Of Light (Page-129), Optical Systems For Spectral Measurements (Page-159), Non-Contact Measurement Of Temperature (Page-209), Optical Scanners And Acousto-Optics (Page-229), Optical Systems For Distance And Size Measurements (Page-251), Optical Systems For Flow Parameter Measurement (Page-269), Color And Measurement (Page-293). 0aTelecommunication Engineering.413Publisher descriptionuhttp://www.loc.gov/catdir/description/els051/2004005695.html413Table of contentsuhttp://www.loc.gov/catdir/toc/els051/2004005695.html cREF2ddc c175608d175608 00102ddc4070aMCSbMCScREFd2016-12-12o621.36,MENpMCS31631r2016-12-08w2016-12-12yREFzAlmirah No.20, Shelf No.4